Anales de prehistoria y arqueología
| Previous Title: | Universidad de Murcia. Anales de la Universidad de Murcia. Filosofía y letras |
|---|---|
| Corporate Author: | |
| Format: | Electronic Journal |
| Language: | Spanish |
| Published: |
[Murcia] :
Secretariado de Publicaciones e Intercambio Científico, Universidad de Murcia,
[1985]-
|
| Subjects: | |
| Online Access: | Full text available from Research Library: 01/01/2009 to 12/31/2014 Full text available from PRISMA Database with HAPI Index: 01/01/2009 to 12/31/2009 Full text available from PRISMA Database with HAPI Index: 01/01/2011 to 12/31/2011 Full text available from PRISMA Database with HAPI Index: 01/01/2014 to 01/31/2014 Full text available from Research Library: 01/01/2016 to 01/31/2016 |
MARC
| LEADER | 00000nas a2200000 a 4500 | ||
|---|---|---|---|
| 001 | ssj0000393569 | ||
| 003 | WaSeSS | ||
| 005 | 20200512172242.0 | ||
| 006 | m d | ||
| 007 | cr n | ||
| 008 | 890531u1985uuuusp ar p s 0 0spa c | ||
| 010 | |a sn 89025501 | ||
| 022 | |l 0213-5663 |y 0213-5663 | ||
| 035 | |a (WaSeSS)ssj0000393569 | ||
| 040 | |a HUL |b eng |c HUL |d SYS |d DLC |d OCLCQ |d OCLCF |d OCLCO |d WaSeSS | ||
| 042 | |a pcc | ||
| 043 | |a e-sp--- | ||
| 050 | 0 | 0 | |a DP302.M8 |b A5 |
| 210 | 0 | |a An. prehist. arqueol. | |
| 222 | 0 | |a Anales de prehistoria y arqueología | |
| 245 | 0 | 0 | |a Anales de prehistoria y arqueología |h [electronic resource]. |
| 260 | |a [Murcia] : |b Secretariado de Publicaciones e Intercambio Científico, Universidad de Murcia, |c [1985]- | ||
| 310 | |a Annual | ||
| 362 | 0 | |a 1- | |
| 500 | |a Title from cover. | ||
| 500 | |a Published by Servicio de Publicaciones, <1997/1998-> | ||
| 506 | |a License restrictions may limit access. | ||
| 515 | |a Some issues combined. | ||
| 588 | |a Latest issue consulted: 13/14 (1997/1998). | ||
| 650 | 0 | |a Excavations (Archaeology) |z Spain |z Murcia (Region) |v Periodicals. | |
| 650 | 0 | |a Excavations (Archaeology) |z Spain |v Periodicals. | |
| 650 | 0 | |a Antiquities |v Periodicals. | |
| 650 | 0 | |a Archaeology |v Periodicals. | |
| 650 | 7 | |a Antiquities. |2 fast |0 (OCoLC)fst00810745 | |
| 650 | 7 | |a Archaeology. |2 fast |0 (OCoLC)fst00812938 | |
| 650 | 7 | |a Excavations (Archaeology) |2 fast |0 (OCoLC)fst00917564 | |
| 651 | 0 | |a Murcia (Spain : Region) |x Antiquities |v Periodicals. | |
| 651 | 0 | |a Spain |x Antiquities |v Periodicals. | |
| 651 | 7 | |a Spain. |2 fast |0 (OCoLC)fst01204303 | |
| 651 | 7 | |a Spain |z Murcia Region. |2 fast |0 (OCoLC)fst01331658 | |
| 655 | 0 | |a Electronic journals. | |
| 710 | 2 | |a Universidad de Murcia. |b Secretariado de Publicaciones e Intercambio Científico. | |
| 780 | 0 | 6 | |a Universidad de Murcia. |t Anales de la Universidad de Murcia. Filosofía y letras |x 0463-9863 |w (DLC) 78647122 |w (OCoLC)4690360 |
| 850 | |a DLC |a MH-P | ||
| 853 | 3 | 3 | |8 1 |a no. |i (year) |
| 856 | 4 | 0 | |z Full text available from Research Library: 01/01/2009 to 12/31/2014 |u https://search.proquest.com/publication/2035780 |
| 856 | 4 | 0 | |z Full text available from PRISMA Database with HAPI Index: 01/01/2009 to 12/31/2009 |u https://search.proquest.com/publication/2036019 |
| 856 | 4 | 0 | |z Full text available from PRISMA Database with HAPI Index: 01/01/2011 to 12/31/2011 |u https://search.proquest.com/publication/2036019 |
| 856 | 4 | 0 | |z Full text available from PRISMA Database with HAPI Index: 01/01/2014 to 01/31/2014 |u https://search.proquest.com/publication/2036019 |
| 856 | 4 | 0 | |z Full text available from Research Library: 01/01/2016 to 01/31/2016 |u https://search.proquest.com/publication/2035780 |
| 863 | 4 | 0 | |8 1 |a <1>- |i <1985>- |x provisional |